| 000 | 02207cam a22002174a 4500 | ||
|---|---|---|---|
| 008 | 250421t2017 mx ||||| |||| 00| 0 spa d | ||
| 020 | _a9786078454303 | ||
| 040 |
_aTecNM _bspa _cTecNM _erda |
||
| 041 | _aspa | ||
| 050 | 0 | 0 |
_aHF5415.5 _bS55 _c2017 |
| 100 | 1 |
_aErnesto Silva Juárez _94449 _eautor |
|
| 245 | 0 | 0 |
_aAnálisis De Riesgo Logístico:/ _bEl Representante Legal Aduanero |
| 250 | _a1 ED | ||
| 260 | 3 |
_aMéxico _bMontalvo _c2017 |
|
| 300 |
_a368 pág _btablas _c22 cm |
||
| 505 | _aÍndice VI. RIESGO ADUANERO A. La técnica de Noël 258 B. Cuando se levanta un acta de PAMA 268 C. Castigos múltiples en materia aduanera 274 D. Litigio 287 VII. MAQUILADORAS A. Magia en importaciones temporales 299 B. Riesgos en IMMEX 303 VIII. ACCIONES DE PREVENCIÓN A. Un tal José 318 B. Auditorías 328 C. Due Diligence aduanero 351 BIBLIOGRAFÍA 361 Índice (segunda imagen) INTRODUCCIÓN 11 I. TEORÍA DEL RIESGO A. Un día cualquiera 18 B. Definición de riesgo 25 C. El riesgo logístico 57 II. EL RIESGO EN LA COMPRAVENTA INTERNACIONAL A. Punto de carga 81 B. Los términos de facturación 91 C. El riesgo en los términos de facturación 98 III. EL REPRESENTANTE LEGAL ADUANERO A. Los reyes del ahorro 107 B. El artículo 40 113 C. Los socios logísticos 127 IV. OPERADORES LOGÍSTICOS CONFIABLES A. Martín 132 B. Programa CTPAT-BASC 139 C. Normatividad en certificadas 146 D. Revisión en origen 157 V. COMPLIANCE A. Las tablas 170 B. ¿Qué es compliance? 178 C. ¿La empresa puede ser acusada penalmente? 193 | ||
| 520 | _aCon la aplicación de la norma ISO 9001 2015 y la posibilidad de que las empresas sean imputables de delitos, el análisis de riesgo ha cobrado especial importancia a nivel mundial. No se trata solo de un texto informativo: se promueve la reflexión en temas logísticos, como la responsabilidad del representante legal aduanero, la cadena de suministro, operadores económicos autorizados, propiedad industrial, sanciones, litigio, auditorías y especialmente en compliance y due diligence logístico. | ||
| 526 | _aIngeniería en Logística | ||
| 942 |
_2lcc _cLIB _n0 |
||
| 945 |
_a1257 _bEva María Flores López _c1257 _dEva María Flores López |
||
| 999 |
_c10746 _d10746 |
||